000 00493nam a2200169 i 4500
001 bg
100 1 _aCIESIELSKI, Kazimierz
245 0 _aOrganizacja pomocniczych procesów produkcyjnych :
_bskrypt do projektowania /
_cK. Ciesielski, M. Humpich, W. Kawczyński.
260 _aPoznań,
_c1989.
700 1 _aHUMPICH, Marian
700 1 _aKAWCZYŃSKI, Wacław
040 _cBPK
041 _apol
080 _a658.5::66/69(075.8)
942 _cKS
008 s pl f |000 0 pol
999 _c4049
_d4049
856 _uhttp://koha.tu.koszalin.pl/cgi-bin/koha/opac-detail.pl?biblionumber=4049
_yKatalog online BPK